Statistics for World Leaders #1

Click here to take the quiz!

General Stats

  • This quiz has been taken 10 times
  • The average score is 2 of 8

Answer Stats

Answer% Correct
Donald Trump
100%
Kim Jong-Un
100%
Xi Jingping
20%
Abdul Hamid
0%
Kersti Kaljulaid
0%
Nicos Anastasiades + Demetrius Syllouris
0%
Xavier Bettel
0%
Yoweri Museveni
0%

Score Distribution

Percentile by Number Answered

Percent of People with Each Score

Your Score History

You have not taken this quiz